00513nam a2200193 a 4500001001300000003000900013005001700022008004100039020001000080082001600090100002400106245005100130260003700181300000900218500003500227505001000262650002300272700002400295nice12345678IN_TiNIC20260116011501.0050524s1946 laha grp 000 0 eng  ac10000a181.07bHAM aHamid, Khwaja Abdul aIbn Maskawaihb Study of His Al-Fauz Al-Asghar aLahorebShaikh Mohd Ashrafc1946 a130p aincludes index and biblioraphy2 aIndex aPhilosophy-Islamic1 aHamid, Khwaja Abdul